| 000 | 01365nam a22003257a 4500 | ||
|---|---|---|---|
| 003 | AR-RoUNCS | ||
| 005 | 20260305092548.0 | ||
| 008 | 160810s2015 ag dr 001 f spa | ||
| 015 | _aAR-2015 | ||
| 020 | _a978-987-1565-48-1 | ||
| 040 |
_aAR-BaBN _bspa _cAR-RoUNCS _eaacr |
||
| 044 |
_aag _car-c |
||
| 080 | 0 |
_a82-32(410) _22016 |
|
| 100 | 1 |
_aStoker, Bram, _d1847-1912 _eautor _4aut |
|
| 245 | 1 | 3 |
_aLa joya de las siete estrellas / _cBram Stoker ; [traducción, Carolina Fernández]. |
| 250 | _a1a ed. | ||
| 260 |
_aCiudad Autónoma de Buenos Aires : _bLetra Impresa, _c2015. |
||
| 300 |
_a237 p. ; _c20 cm. |
||
| 490 | 0 |
_aColección Generación Z / directora, Patricia Roggio _v11 |
|
| 500 | _aIncluye actividades de análisis y producción de textos. | ||
| 504 | _aIncluye notas bibliográficas a pie de página. | ||
| 520 | 1 |
_a“El descubrimiento del misterioso mundo del Antiguo Egipto, su magia, sus tumbas y sus momias irrumpe con una posibilidad: alguien preparó su muerte para que la vuelta a la vida fuera posible.” _c(Descripción del editor). |
|
| 521 | 1 | _aLectura sugerida a partir de los 15 años. | |
| 650 | 7 |
_2embne _aLiteratura irlandesa |
|
| 655 | 7 |
_aNovelas cortas _2embne |
|
| 655 | 7 |
_aNovelas fantásticas _2embne |
|
| 700 | 1 |
_aRoggio, Patricia B. _edir. de colección |
|
| 700 | 1 |
_aFernández, Carolina _etr. |
|
| 942 |
_2udc _cOG _n0 |
||
| 999 |
_c929 _d929 |
||